000 00343nam a2200121Ia 4500
008 191129s9999 xx 000 0 und d
020 _a9789719257400
100 _aOng, Bob
245 _cBob Ong
_aBakit baliktad magbasa ng libro and mga pilipino/
260 _aManila:
_bVisprint, Inc.
_c2002
300 _a201 p. ;
_c18 cm.
650 _aFiction
999 _c362762
_d362762